| 000 | 00532nmm a2200169Ia 4500 | ||
|---|---|---|---|
| 008 | 251105s9999||||xx |||||||||||||||||und|| | ||
| 020 | _a8460019659 | ||
| 041 | _aspa | ||
| 100 | _aMestre, Antonio | ||
| 245 | 0 | _aHumanismo y crítica histórica en los ilustrados alicantinos | |
| 264 |
_a[Madrid, España] : _bPublicaciones de la Universidad de Alicante, _c1980 |
||
| 300 | _a245 páginas | ||
| 490 | _aCiencias Sociales | ||
| 650 | _aSpanish literature | ||
| 856 | _uhttps://public.digitaliapublishing.com/a/680 | ||
| 942 | _cCF | ||
| 999 |
_c73038 _d73038 |
||